Combien de ville de la Mayenne (53) connais-tu ? - Statistiques

Statistiques générales
  • Ce quiz a été pris 37 fois
  • Le résultat moyen est 39 sur 240
Statistiques - réponses
Code postal Ville % Correct
53000 Laval
93%
53100 Mayenne
85%
53400 Craon
63%
53500 Ernée
63%
53600 Évron
59%
53200 Château-Gontier-sur-Mayenne
56%
53810 Changé
48%
53210 Argentré
44%
53960 Bonchamp-lès-Laval
41%
53230 Cossé-le-Vivien
41%
53260 Entrammes
41%
53970 L'Huisserie
41%
53170 Meslay-du-Maine
41%
53150 Montsûrs
41%
53940 Ahuillé
37%
53940 Saint-Berthevin
37%
53440 Aron
33%
53170 Bazougers
33%
53120 Gorron
33%
53950 Louverné
33%
53470 Martigné-sur-Mayenne
33%
53480 Vaiges
33%
53170 Villiers-Charlemagne
33%
53170 La Cropte
30%
53640 Le Horps
30%
53100 Moulay
30%
53210 Soulgé-sur-Ouette
30%
53240 Alexain
26%
53005 Andouillé
26%
53170 Arquenay
26%
53340 Chémeré-le-Roi
26%
53290 Grez-en-Bouère
26%
53170 La Bazouge-de-Chemeré
26%
53410 La Gravelle
26%
53210 Louvigné
26%
53150 Neau
26%
53260 Parné-sur-Roc
26%
53410 Port-Brillet
26%
53360 Quelaines-Saint-Gault
26%
53800 Renazé
26%
53410 Saint-Ouën-des-Toits
26%
53410 Saint-Pierre-la-Cour
26%
53300 Ambrières-les-Vallées
22%
53290 Beaumont-Pied-de-Bœuf
22%
53290 Bouère
22%
53150 Brée
22%
53420 Chailland
22%
53640 Champéon
22%
53100 Contest
22%
53200 Daon
22%
53260 Forcé
22%
53200 Fromentières
22%
53110 Lassay-les-Châteaux
22%
53250 Le Ham
22%
53640 Le Ribay
22%
53170 Maisoncelles-du-Maine
22%
53200 Ménil
22%
53970 Nuillé-sur-Vicoin
22%
53170 Saint-Denis-du-Maine
22%
53270 Sainte-Suzanne-et-Chammes
22%
53100 Saint-Georges-Buttavent
22%
53340 Saulges
22%
53500 Vautorte
22%
53600 Voutré
22%
53230 Astillé
19%
53350 Ballots
19%
53290 Bierné-les-Villages
19%
53290 Bouessay
19%
53300 Chantrigné
19%
53250 Charchigné
19%
53470 Commer
19%
53700 Courcité
19%
53150 Gesnes
19%
53380 Juvigné
19%
53240 La Baconnière
19%
53300 La Haie-Traversaine
19%
53170 Le Bignon-du-Maine
19%
53320 Loiron-Ruillé
19%
53970 Montigné-le-Brillant
19%
53320 Montjean
19%
53170 Ruillé-Froid-Fonds
19%
53470 Sacé
19%
53240 Saint-Jean-sur-Mayenne
19%
53088 Villaines-la-Juhel
19%
53400 Athée
15%
53700 Averton
15%
53160 Bais
15%
53120 Brecé
15%
53470 Châlons-du-Maine
15%
53100 Châtillon-sur-Colmont
15%
53200 Chemazé
15%
53230 Cosmes
15%
53200 Coudray
15%
53230 Courbeveille
15%
53400 Denazé
15%
53640 Hardanges
15%
53360 Houssay
15%
53160 Izé
15%
53160 Jublains
15%
53950 La Chapelle-Anthenaise
15%
53440 La Chapelle-au-Riboul
15%
53150 La Chapelle-Rainsouin
15%
53190 Landivy
15%
53220 Larchamp
15%
53540 Laubrières
15%
53410 Le Bourgneuf-la-Forêt
15%
53170 Le Buret
15%
53940 Le Genest-Saint-Isle
15%
53150 Livet
15%
53200 Marigné-Peuton
15%
53400 Mée
15%
53230 Méral
15%
53220 Montaudin
15%
53500 Montenay
15%
53400 Niafles
15%
53300 Oisseau
15%
53360 Origné
15%
53240 Placé
15%
53400 Pommerieux
15%
53340 Préaux
15%
53110 Rennes-en-Grenouilles
15%
53100 Saint-Baudelle
15%
53170 Saint-Charles-la-Forêt
15%
53290 Saint-Denis-d'Anjou
15%
53290 Saint-Loup-du-Dorat
15%
53800 Saint-Saturnin-du-Limet
15%
53160 Trans
15%
53600 Assé-le-Bérenger
11%
53320 Beaulieu-sur-Oudon
11%
53800 Bouchamps-lès-Craon
11%
53120 Carelles
11%
53370 Champfrémont
11%
53400 Chérancé
11%
53800 Congrier
11%
53700 Crennes-sur-Fraubée
11%
53540 Cuillé
11%
3630 Désertines
11%
53440 Grazay
11%
53160 Hambers
11%
53250 Javron-les-Chapelles
11%
53440 La Bazoge-Montpinçon
11%
53410 La Brûlatte
11%
53230 La Chapelle-Craonnaise
11%
53190 La Dorée
11%
53220 La Pellerine
11%
53200 La Roche-Neuville
11%
53350 La Roë
11%
53800 La Selle-Craonnaise
11%
53410 Launay-Villiers
11%
53300 Le Pas
11%
53120 Levaré
11%
53700 Loupfougères
11%
53250 Madré
11%
53440 Marcillé-la-Ville
11%
53600 Mézangers
11%
53640 Montreuil-Poulay
11%
53250 Neuilly-le-Vendin
11%
53360 Peuton
11%
53220 Pontmain
11%
53370 Ravigny
11%
53700 Saint-Aubin-du-Désert
11%
53140 Saint-Cyr-en-Pail
11%
53500 Saint-Denis-de-Gastines
11%
53300 Saint-Fraimbault-de-Prières
11%
53600 Saint-Georges-sur-Erve
11%
53240 Saint-Germain-le-Fouilloux
11%
53370 Saint-Pierre-des-Nids
11%
53270 Saint-Pierre-sur-Erve
11%
53540 Saint-Poix
11%
53400 Saint-Quentin-les-Anges
11%
53360 Simplé
11%
53340 Bannes
7%
53440 Belgeard
7%
53270 Blandouet-Saint Jean
7%
53370 Boulay-les-Ifs
7%
53410 Bourgon
7%
53350 Brains-sur-les-Marches
7%
53160 Champgenéteux
7%
53200 Châtelain
7%
53250 Chevaigné-du-Maine
7%
53120 Colombiers-du-Plessis
7%
53340 Cossé-en-Champagne
7%
53250 Couptrain
7%
53350 Fontaine-Couverte
7%
53190 Fougerolles-du-Plessis
7%
53540 Gastines
7%
53200 Gennes-Longuefuye
7%
53120 Hercé
7%
53470 La Bazouge-des-Alleux
7%
53240 La Bigottière
7%
53380 La Croixille
7%
53140 La Pallu
7%
53120 Lesbois
7%
53140 Lignières-Orgères
7%
53410 Olivet
7%
53200 Prée-d'Anjou
7%
53140 Pré-en-Pail-Saint-Samson
7%
53250 Saint-Aignan-de-Couptrain
7%
53390 Saint-Aignan-sur-Roë
7%
53110 Sainte-Marie-du-Bois
7%
53390 Saint-Erblon
7%
53480 Saint-Georges-le-Fléchard
7%
53240 Saint-Germain-le-Guillaume
7%
53110 Saint-Julien-du-Terroux
7%
53480 Saint-Léger
7%
53300 Saint-Loup-du-Gast
7%
53800 Saint-Martin-du-Limet
7%
53350 Saint-Michel-de-la-Roë
7%
53270 Thorigné-en-Charnie
7%
53270 Torcé-Viviers-en-Charnie
7%
53120 Vieuvy
7%
53250 Villepail
7%
53300 Couesmes-Vaucé
4%
53370 Gesvres
4%
53800 La Boissière
4%
53390 La Rouaudière
4%
53400 Livré-la-Touche
4%
53240 Montflours
4%
53100 Parigné-sur-Braye
4%
53120 Saint-Aubin-Fosse-Louvain
4%
53290 Saint-Brice
4%
53140 Saint-Calais-du-Désert
4%
53320 Saint-Cyr-le-Gravelais
4%
53600 Sainte-Gemmes-le-Robert
4%
53220 Saint-Ellier-du-Maine
4%
53240 Saint-Germain-d'Anxure
4%
53700 Saint-Germain-de-Coulamer
4%
53380 Saint-Hilaire-du-Maine
4%
53300 Saint-Mars-sur-Colmont
4%
53500 Saint-Pierre-des-Landes
4%
53160 Saint-Thomas-de-Courceriers
4%
53390 Senonnes
4%
53300 Soucé
4%
53340 Val-du-Maine
4%
53160 Vimartin-sur-Orthe
4%
53110 Le Housseau-Brétignolles
0%
53220 Saint-Berthevin-la-Tannière
0%
53700 Saint-Mars-du-Désert
0%
53220 Saint-Mars-sur-la-Futaie
0%
53110 Thubœuf
0%
Aucun quiz correspondant
Distribution des résultats
% des personnes avec chaque résultat
Percentile par nombre de réponses
Votre historique - résultats
Vous n’avez pas pris ce quiz